[Event "Mumbai Transganization op"]
[Site "Mumbai"]
[Date "2024.01.27"]
[Round "6"]
[White "Aditya, Shardul Kadam"]
[Black "Priyharsh"]
[Result "0-1"]
[WhiteElo "1283"]
[BlackElo "1125"]
[PlyCount "82"]
[EventDate "2024.01.25"]
[EventType "swiss"]
[EventRounds "8"]
[EventCountry "IND"]
[SourceTitle "CB06_2024"]
[SourceDate "2024.02.07"]
[SourceVersion "1"]
[SourceVersionDate "2024.02.07"]
[SourceQuality "1"]

1. e4 e5 2. Nf3 Nc6 3. Bc4 Nf6 4. d3 Be7 5. 0-0 0-0 6. Nc3 d6 7. h3 Na5 8. Be3 a6 9. a4 Nxc4 10. dxc4 Be6 11. Qe2 h6 12. Rfd1 Qe8 13. b4 Nd7 14. Nd5 Bd8 15. Nd2 f5 16. exf5 Bxf5 17. Nb3 Qg6 18. Kh2 Bxc2 19. Rdc1 Bxb3 20. Rc3 c6 21. Rxb3 cxd5 22. cxd5 Bb6 23. a5 Bxe3 24. Rxe3 Nf6 25. Qd2 Rac8 26. Rg3 Qh7 27. Qe3 Kh8 28. Qb6 Rb8 29. Rc1 Qg8 30. Rd3 Nxd5 31. Qxd6 Rfd8 32. Qxe5 Nxb4 33. Rxd8 Qxd8 34. Rc7 Qf6 35. Qc5 Nd3 36. Qd5 Qf4+ 37. g3 Qxc7 38. f4 Nxf4 39. Qf5 Ne2 40. Qh5 Qxg3+ 41. Kh1 Qg1# 0-1